LEADER 01646nam a2200349 u 4500 001 000000008903 003 CaOOAMICUS 005 20090624100448.0 008 940516s1953 fr u000 u fre u 035 $a10227383 040 $aMCW$bita$dNNUT$dCStRLIN$dCSt 041 0 $afre$alat$agrc 100 0 $aOrigenes,$d184-253.$0(OLS)http://pul/name/1274 240 00$aHomiliae in Canticum canticorum.$lFrench & Latin.$0(OLS)http://pul/title/13073 245 10$aHomélies sur le Cantique des cantiques /$cOrigène ; introduction, traduction et notes de O. Rousseau. 260 $aParis :$bLes Éditions du Cerf,$c1953. 300 $a159 p. in various pagings ;$c21 cm 490 1 $aSources chrétiennes ;$vno 37 500 $aLatin and French on opposite pages ([58]-103) numbered in duplicate. 500 $aIncludes indexes. 504 $aBibliography: p. [56]-57. 630 00$aBible.$pO.T.$pSong of Solomon$xCommentaries.$2//eng$0(OLS)http://pul/subject/6407 650 0$aTheology$xCollected works$yEarly church, ca. 30-600.$2//eng$0(OLS)http://pul/subject/4023 700 1 $aRousseau, Olivier,$d1898-$0(OLS)http://pul/name/8886 830 0$aSources chrétiennes ;$vno 37.$0(OLS)http://pul/title/45 850 $aPUL 852 $aPUL$W1$xSL Religione 2$y84$mTheol E3 37$j12557$nBK-PRI$b $qStampati altre collocazioni$B12557$CPULBib$Z2$F12557 $H $81 900 $aOrigene,$d184-253$91274 941 1 $a10 961 $aINV: 16908 996 $6245$aHomélies sur le Cantique des cantiques$9(OLS)http://pul/title/13074 996 $6260$aParis :$bLes Éditions du Cerf$9(OLS)http://pul/publisher/47861 LEADER 01128nam a2200253 u 4500 001 000000023663 003 CaOOAMICUS 005 20070226111250.0 008 950620s1953 it u000 u ita u 035 $a10595033 040 $aMSA$bita$dPUL(R) 100 1 $aSpiazzi, Raimondo,$cO.P.,$d1918-2002.$0(OLS)http://pul/name/530 245 10$aEssenza e contemporaneità della Chiesa /$cP. Raimondo M. Spiazzi. 260 $aTorino :$bSEI,$c1953. 300 $aviii, 303 p. ;$c23 cm 490 1 $aStudi superiori 650 04$aChiesa cattolica$xpastorale$xgiovani.$0(OLS)http://pul/subject/2596 830 0$aStudi superiori.$0(OLS)http://pul/title/1343 850 $aPUL 852 $aPUL$W1$xDP1 Fondo Cecchetti$y53$m261 E 39$j33182$nBK-PRI$b $qFondi$B33182$CPULBib$Z2$F33182 $HPUL8873 $81 852 $aPUL$W1$xDP1 Fondo Pastorale$y55$mP1 F 9$j33183$nBK-PRI$b $qFondi$B33183$CPULBib$Z2$F33183 $HPUL2505 $81 941 1 $a1 996 $6245$aEssenza e contemporaneità della Chiesa$9(OLS)http://pul/title/32877 996 $6260$aTorino :$bSEI$9(OLS)http://pul/publisher/47967